Catálogo
 En Linea

Usos tradicionales de los árboles en el occidente de Asturias / (Registro nro. 5354)

Detalles MARC
000 -CABECERA
campo de control de longitud fija 00739nam a2200217 a 4500
001 - NÚMERO DE CONTROL
campo de control 000005555
005 - FECHA Y HORA DE LA ÚLTIMA TRANSACCIÓN
campo de control 20200929151718.0
008 - DATOS DE LONGITUD FIJA--INFORMACIÓN GENERAL
campo de control de longitud fija 090820s2004 sp a 001 spa d
020 ## - NÚMERO INTERNACIONAL ESTÁNDAR DEL LIBRO
Número Internacional Estándar del Libro 8400082583
040 ## - FUENTE DE LA CATALOGACIÓN
Centro catalogador/agencia de origen DO-SdBNP
082 ## - NÚMERO DE LA CLASIFICACIÓN DECIMAL DEWEY
Número de clasificación 634.6
Número de documento/Ítem M562u
049 ## - FONDOS LOCALES (OCLC)
Fondos de biblioteca BNPD
100 1# - ENTRADA PRINCIPAL--NOMBRE DE PERSONA
Nombre de persona Merino Cristóbal, Laureano
9 (RLIN) 15693
245 10 - MENCIÓN DE TÍTULO
Título Usos tradicionales de los árboles en el occidente de Asturias /
Mención de responsabilidad, etc. Laureano Merino Cristóbal.
260 ## - PUBLICACIÓN, DISTRIBUCIÓN, ETC.
Lugar de publicación, distribución, etc. Madrid, :
Nombre del editor, distribuidor, etc. Museo Nacional de Ciencias Naturales, Consejo Superior de Investigaciones Científicas,
Fecha de publicación, distribución, etc. 2004.
300 ## - DESCRIPCIÓN FÍSICA
Extensión 62 p. +53 laminas :
Otras características físicas il ;
Dimensiones 24 cm.
490 1# - MENCIÓN DE SERIE
Mención de serie Monografías
500 ## - NOTA GENERAL
Nota general Incluye índice
650 #4 - PUNTO DE ACCESO ADICIONAL DE MATERIA--TÉRMINO DE MATERIA
Término de materia o nombre geográfico como elemento de entrada Arboles frutales
Subdivisión geográfica Asturias
9 (RLIN) 15694
830 #0 - PUNTO DE ACCESO ADICIONAL DE SERIE-TÍTULO UNIFORME
Título uniforme Monografías
9 (RLIN) 15334
Existencias
Estado de retiro Estado de pérdida Restricciones de uso No para préstamo Código de colección Localización permanente Ubicación/localización actual Ubicación en estantería Fecha de adquisición Número de inventario Total de préstamos Signatura topográfica completa Código de barras Fecha visto por última vez Precio válido a partir de Tipo de ítem Koha
      Excluido de préstamo Monografías: Libros y Folletos General General En catalogación 20.08.2009 LF1   634.6 M562u 5555-10 25.06.2020 25.06.2020 No se presta

Con tecnología Koha